<?xml version="1.0" encoding="UTF-8"?>
<collection xmlns="http://www.loc.gov/MARC21/slim">
<record>
  <controlfield tag="001">1437</controlfield>
  <datafield tag="088" ind1=" " ind2=" ">
    <subfield code="a">0060</subfield>
  </datafield>
  <datafield tag="260" ind1=" " ind2=" ">
    <subfield code="c">1898</subfield>
  </datafield>
  <datafield tag="520" ind1=" " ind2=" ">
    <subfield code="a">Rhine Scool in Mix Canyon. Teacher-J. R. Tilson, Earl Parrot next to teacher. Carl and Otto Prenkirk in same row, Susie Parrott (Sherman), Josie Bayne Georgia Mix (Burton), Leonard Mix, Florence Parrott (Piper), Mabel Bayne and dog Fritz</subfield>
  </datafield>
  <datafield tag="980" ind1=" " ind2=" ">
    <subfield code="a">43905848739</subfield>
  </datafield>
  <datafield tag="960" ind1=" " ind2=" ">
    <subfield code="a">hc</subfield>
  </datafield>
</record>
</collection>